000 00223 a2200097 4500
001 45673
100 _aRousseau J
245 _aThe spirit of laws
260 _aChicago
_bWilliam Benton publisher
_c
090 _c28852
_d28852
942 _aNUST-CAE
_cM
_c20949
999 _c280746
_d280746